Statistics for Countries with IKEA

Click here to take the quiz!

General Stats

  • This quiz has been taken 50 times
  • The average score is 53 of 65

Answer Stats

ContinentCountry% Correct
OceaniaAustralia
95%
North AmericaUnited States of America
95%
North AmericaCanada
93%
North America*Mexico
93%
EuropeAustria
90%
AsiaChina
90%
EuropeLatvia
90%
EuropeLithuania
90%
South America*Brazil
88%
EuropeFinland
88%
EuropeFrance
88%
EuropeGermany
88%
AsiaJapan
88%
Oceania*New Zealand
88%
EuropeNorway
88%
EuropePortugal
88%
AsiaSouth Korea
88%
EuropeSpain
88%
EuropeSweden
88%
EuropeUnited Kingdom
88%
EuropeBelgium
86%
South America*Colombia
86%
Europe*Estonia
86%
AsiaIndia
86%
EuropeItaly
86%
EuropeSlovakia
86%
Europethe Netherlands
86%
EuropeBulgaria
83%
South America*Chile
83%
EuropeCroatia
83%
EuropeCzech Republic
83%
EuropeDenmark
83%
EuropeGreece
83%
EuropeHungary
83%
AsiaIndonesia
83%
EuropeIreland
83%
EuropePoland
83%
Asia/ EuropeRussia
83%
EuropeSwitzerland
83%
AfricaEgypt
81%
AsiaIsrael
81%
South America*Peru
81%
Europe*Slovenia
81%
AsiaUnited Arab Emirates
81%
EuropeRomania
79%
EuropeSerbia
79%
Asia/ EuropeTurkey
79%
Europe*Ukraine
79%
EuropeIceland
76%
AsiaMalaysia
76%
AsiaQatar
76%
AsiaThailand
76%
AsiaSingapore
74%
EuropeCyprus
71%
AsiaJordan
71%
Europe*Luxembourg
71%
AsiaSaudi Arabia
71%
Asia*Vietnam
71%
AfricaMorocco
69%
AsiaTaiwan
69%
AsiaBahrain
64%
Asia*the Philippines
64%
AsiaKuwait
62%
Asia*Oman
62%
North AmericaDominican Republic
60%

Score Distribution

Percentile by Number Answered

Percent of People with Each Score

Your Score History

You have not taken this quiz